Night of the crash-test dummies : (Record no. 4390)

MARC details
000 -LEADER
fixed length control field 00818cam a2200265 a 4500
005 - DATE AND TIME OF LATEST TRANSACTION
control field 20240819143734.0
020 ## - INTERNATIONAL STANDARD BOOK NUMBER
International Standard Book Number 0836220498
040 ## - CATALOGING SOURCE
Original cataloging agency DLC
Transcribing agency DLC
Modifying agency DLC
Language of cataloging eng
050 00 - LIBRARY OF CONGRESS CALL NUMBER
Classification number NC1429.L32
Item number 1988
082 00 - DEWEY DECIMAL CLASSIFICATION NUMBER
Classification number 741.5973
100 1# - MAIN ENTRY--PERSONAL NAME
Personal name Larson, Gary
245 10 - TITLE STATEMENT
Title Night of the crash-test dummies :
Remainder of title a far side collection /
Statement of responsibility, etc. by Gary Larson
250 ## - EDITION STATEMENT
Edition statement First printing , JUly 1988
260 ## - PUBLICATION, DISTRIBUTION, ETC.
Place of publication, distribution, etc. Kansas City :
Name of publisher, distributor, etc. Andrews and McMeel ;
Date of publication, distribution, etc. 1988
300 ## - PHYSICAL DESCRIPTION
Extent 104 pages :
Other physical details illustrations ;
Dimensions 15 cm .
490 ## - SERIES STATEMENT
Series statement The Far Side Collection
505 ## - FORMATTED CONTENTS NOTE
Formatted contents note K <br/>
520 ## - SUMMARY, ETC.
Summary, etc. The ninth collection of THE FAR SIDE.
521 ## - TARGET AUDIENCE NOTE
Target audience note 510 <br/>
Source Lexile estimate <br/>
521 ## - TARGET AUDIENCE NOTE
Target audience note K <br/>
Source Raz-Plus <br/>
650 #0 - SUBJECT ADDED ENTRY--TOPICAL TERM
Topical term or geographic name entry element cartoons and comics
Form subdivision fiction
906 ## - LOCAL DATA ELEMENT F, LDF (RLIN)
a 7
b cbc
c orignew
d 2
e opcn
f 19
g y-gencatlg
942 ## - ADDED ENTRY ELEMENTS (KOHA)
Source of classification or shelving scheme Dewey Decimal Classification
Koha item type Books
Suppress in OPAC No
999 ## -
-- 4390
-- 4390
Holdings
Withdrawn status Lost status Source of classification or shelving scheme Damaged status Not for loan Collection Home library Current library Shelving location Date acquired Total Checkouts Full call number Barcode Date last seen Price effective from Koha item type
    Dewey Decimal Classification     Juvenile Fiction Footprints International School Library Network Toul Kork Campus Footprints International School Library Network Toul Kork Campus   08/19/2024   LAR 741.5973 NC1429.L32 2024-1848 08/19/2024 08/19/2024 Books